Temper your child's tantrums. (Record no. 14741)

000 -LEADER
fixed length control field 00634nam a2200205 a 4500
001 - CONTROL NUMBER
control field :::00012575$&:&@@
003 - CONTROL NUMBER IDENTIFIER
control field OkBaRHE
005 - DATE AND TIME OF LATEST TRANSACTION
control field 20000607103420.0
008 - FIXED-LENGTH DATA ELEMENTS--GENERAL INFORMATION
fixed length control field s1986 j 000 0 eng u
020 ## - INTERNATIONAL STANDARD BOOK NUMBER
International Standard Book Number 0842369945 (pbk.)
040 ## - CATALOGING SOURCE
Transcribing agency
100 1# - MAIN ENTRY--PERSONAL NAME
Personal name Dobson, James C., 1936-
245 10 - TITLE STATEMENT
Title Temper your child's tantrums.
260 ## - PUBLICATION, DISTRIBUTION, ETC. (IMPRINT)
Place of publication, distribution, etc Wheaton, IL., :
Name of publisher, distributor, etc Tyndale House Publishers
Date of publication, distribution, etc c1986
300 ## - PHYSICAL DESCRIPTION
Extent 121 p. : illus. ;
Dimensions 16 cm.
650 ## - SUBJECT ADDED ENTRY--TOPICAL TERM
Topical term or geographic name as entry element Child Rearing
650 ## - SUBJECT ADDED ENTRY--TOPICAL TERM
Topical term or geographic name as entry element Discipline of Children
942 ## - ADDED ENTRY ELEMENTS (KOHA)
Source of classification or shelving scheme
Koha item type Books
Copies
Damaged status Barcode Date last seen Permanent Location Date acquired Koha item type Lost status Withdrawn status Full call number Not for loan Source of classification or shelving scheme Shelving location Copy number Price effective from
 125752010-04-14RHEMA Bible Training College2010-04-14Books  HQ 770.4 .D62  General Stacks12010-04-14